[Event "WchT Blitz Pool C"]
[Site "London"]
[Date "2025.06.14"]
[Round "8.4"]
[White "Balaji, Aaravamudhan"]
[Black "Schulze, Lara"]
[Result "1-0"]
[WhiteElo "2346"]
[BlackElo "2317"]
[PlyCount "51"]
[EventDate "2025.06.14"]
[EventType "team-tourn"]
[EventRounds "13"]
[EventCountry "ENG"]
[SourceTitle "CB25_2025"]
[SourceDate "2025.06.18"]
[SourceVersion "1"]
[SourceVersionDate "2025.06.18"]
[SourceQuality "1"]
[WhiteTeam "Wood Green Youth"]
[BlackTeam "Berlin Chess Federation"]
[WhiteTeamCountry "ENG"]
[BlackTeamCountry "GER"]

1. d4 Nf6 2. c4 e6 3. Nc3 Bb4 4. e3 0-0 5. Bd3 d5 6. a3 Bxc3+ 7. bxc3 dxc4 8. Bxc4 c5 9. Ne2 Qc7 10. Ba2 Nc6 11. 0-0 e5 12. d5 Na5 13. c4 b6 14. Bb2 Nb7 15. f4 Nd7 16. fxe5 Re8 17. e6 fxe6 18. Nf4 e5 19. Ne6 Qd6 20. Qh5 Rxe6 21. Qf7+ Kh8 22. dxe6 Nf6 23. Rxf6 gxf6 24. Qxf6+ Kg8 25. Bxe5 Qxe6 26. Qg7# 1-0

[Event "WchT Blitz Pool C"]
[Site "London"]
[Date "2025.06.14"]
[Round "12.4"]
[White "Erdogmus, Yagiz Kaan"]
[Black "Schulze, Lara"]
[Result "1-0"]
[WhiteElo "2626"]
[BlackElo "2317"]
[PlyCount "67"]
[EventDate "2025.06.14"]
[EventType "team-tourn"]
[EventRounds "13"]
[EventCountry "ENG"]
[SourceTitle "CB25_2025"]
[SourceDate "2025.06.18"]
[SourceVersion "1"]
[SourceVersionDate "2025.06.18"]
[SourceQuality "1"]
[WhiteTeam "Generation XYZA"]
[BlackTeam "Berlin Chess Federation"]
[WhiteTeamCountry "TUR"]
[BlackTeamCountry "GER"]

1. Nf3 Nf6 2. b3 d5 3. e3 e6 4. Bb2 Be7 5. d4 0-0 6. Nbd2 c5 7. Bd3 Nbd7 8. Ne5 Qc7 9. Qf3 b6 10. Qh3 cxd4 11. exd4 Bb7 12. 0-0 h6 13. Rae1 a5 14. Nxd7 Qxd7 15. Nf3 Ba6 16. Ne5 Qc7 17. Bc1 Bxd3 18. cxd3 Nh7 19. Bf4 Qc3 20. Qg3 Bg5 21. Nd7 Rfd8 22. Nxb6 Ra6 23. Bc7 Re8 24. h4 Bf6 25. Nxd5 Qxd4 26. Nxf6+ Qxf6 27. Be5 Qg6 28. Qxg6 fxg6 29. Rc1 Nf8 30. Rc7 Rd8 31. Rxg7+ Kh8 32. Rxg6+ Kh7 33. Rg7+ Kh8 34. Rd7+ 1-0

[Event "WchT Blitz Pool C"]
[Site "London"]
[Date "2025.06.14"]
[Round "3.4"]
[White "Mungunzul, Bat Erdene"]
[Black "Schulze, Lara"]
[Result "1-0"]
[WhiteElo "2337"]
[BlackElo "2317"]
[PlyCount "79"]
[EventDate "2025.06.14"]
[EventType "team-tourn"]
[EventRounds "13"]
[EventCountry "ENG"]
[SourceTitle "CB25_2025"]
[SourceDate "2025.06.18"]
[SourceVersion "1"]
[SourceVersionDate "2025.06.18"]
[SourceQuality "1"]
[WhiteTeam "Mongolia II"]
[BlackTeam "Berlin Chess Federation"]
[WhiteTeamCountry "MGL"]
[BlackTeamCountry "GER"]

1. d4 Nf6 2. c4 e6 3. Nf3 d5 4. Bg5 dxc4 5. Nc3 c5 6. dxc5 Nbd7 7. e4 Qa5 8. Bxf6 Nxf6 9. Bxc4 Bxc5 10. 0-0 0-0 11. a3 Be7 12. Qe2 Bd7 13. e5 Nd5 14. Nxd5 exd5 15. Bd3 Bg4 16. Qe3 Bxf3 17. Qxf3 d4 18. Qxb7 Bg5 19. f4 Bh6 20. b4 Qa4 21. Qe4 g6 22. Qxd4 Rad8 23. Qe4 Qb3 24. Bc4 Qb2 25. Bd5 Qd2 26. Rad1 Qb2 27. Rd3 Bg7 28. Rfd1 Rc8 29. Bc6 Qc2 30. b5 Qc5+ 31. Kh1 h5 32. h3 Kh7 33. a4 Qb6 34. f5 Rfd8 35. e6 Rxd3 36. Qxd3 fxe6 37. fxg6+ Kh8 38. Qf3 Rf8 39. Qxh5+ Kg8 40. Qh7# 1-0

[Event "WchT Rapid"]
[Site "London"]
[Date "2025.06.13"]
[Round "12.4"]
[White "Lishoy Gengis Paratazham, Dildarav"]
[Black "Schulze, Lara"]
[Result "0-1"]
[WhiteElo "2035"]
[BlackElo "2211"]
[PlyCount "108"]
[EventDate "2025.06.11"]
[EventType "team-swiss"]
[EventRounds "12"]
[EventCountry "ENG"]
[SourceTitle "CB25_2025"]
[SourceDate "2025.06.18"]
[SourceVersion "1"]
[SourceVersionDate "2025.06.18"]
[SourceQuality "1"]
[WhiteTeam "Sassy Seniors"]
[BlackTeam "Berlin Chess Federation"]
[WhiteTeamCountry "ENG"]
[BlackTeamCountry "GER"]

1. Nf3 Nf6 2. g3 b5 3. Bg2 Bb7 4. Na3 a6 5. c4 e6 6. b3 bxc4 7. bxc4 c5 8. 0-0 Be7 9. Rb1 Bc6 10. Nc2 0-0 11. d4 cxd4 12. Ncxd4 Be4 13. Ra1 Qc7 14. Be3 Ng4 15. Bf4 d6 16. h3 Nf6 17. Be3 Nbd7 18. Rc1 Rab8 19. Qd2 Nc5 20. Qc3 Rfc8 21. Rfd1 Qb7 22. Ne1 Na4 23. Qa1 Nb2 24. Rb1 Bxg2 25. Nxg2 Rxc4 26. Bc1 Nxd1 27. Rxb7 Rxb7 28. Nb3 Nc3 29. Bb2 Nxe2+ 30. Kf1 Re4 31. Nd2 Reb4 32. Nb3 Re4 33. f3 Nxg3+ 34. Kf2 Re2+ 35. Kxg3 Nh5+ 36. Kh2 Nf4 37. Qc1 Rxg2+ 38. Kh1 Bf8 39. Qxf4 Rxb2 40. Qa4 Rc7 41. Kg1 Rcc2 42. Qxa6 Rb1+ 43. Nc1 Rbxc1+ 44. Qf1 Rxf1+ 45. Kxf1 Rxa2 46. Kg1 d5 47. Kf1 d4 48. Ke1 d3 49. Kd1 Bb4 50. Kc1 d2+ 51. Kd1 Ra1+ 52. Ke2 d1Q+ 53. Kf2 Qe1+ 54. Kg2 Ra2# 0-1

[Event "WchT Rapid"]
[Site "London"]
[Date "2025.06.12"]
[Round "8.4"]
[White "Moreby, James"]
[Black "Schulze, Lara"]
[Result "1/2-1/2"]
[WhiteElo "2210"]
[BlackElo "2211"]
[PlyCount "158"]
[EventDate "2025.06.11"]
[EventType "team-swiss"]
[EventRounds "12"]
[EventCountry "ENG"]
[SourceTitle "CB25_2025"]
[SourceDate "2025.06.18"]
[SourceVersion "1"]
[SourceVersionDate "2025.06.18"]
[SourceQuality "1"]
[WhiteTeam "Sharks 4NCL"]
[BlackTeam "Berlin Chess Federation"]
[WhiteTeamCountry "ENG"]
[BlackTeamCountry "GER"]

1. c4 e5 2. Nc3 Nf6 3. Nf3 Nc6 4. d3 d5 5. cxd5 Nxd5 6. g3 Be7 7. Bg2 Be6 8. 0-0 0-0 9. Bd2 Re8 10. Rc1 h6 11. Ne4 Qd7 12. Nc5 Bxc5 13. Rxc5 Qd6 14. Qc1 Nd4 15. Nxd4 exd4 16. Rc4 Qe5 17. Re1 c6 18. Ra4 Nb6 19. Ra5 Bd5 20. Qc5 Nd7 21. Qa3 a6 22. Bf4 Qe6 23. Bxd5 cxd5 24. Ra4 Ne5 25. Bxe5 Qxe5 26. Qc5 b5 27. Rxd4 Red8 28. e3 Rac8 29. Qa7 Rc2 30. Qxa6 Rxb2 31. Qa3 Rc2 32. Qb3 Rc5 33. Rf4 Qc7 34. Rb4 Qc6 35. d4 Rc3 36. Qb1 Rc2 37. Rb2 Rxb2 38. Qxb2 Ra8 39. Rb1 b4 40. Qxb4 Rxa2 41. Qb5 Qc2 42. Rf1 Qe4 43. Qb1 Rc2 44. Qb3 Re2 45. Qb5 Rd2 46. Ra1 Qf3 47. Qf1 Kh7 48. Qg2 Qf5 49. g4 Qc2 50. Rf1 Rd1 51. Qf3 Rxf1+ 52. Kxf1 Kg8 53. Kg2 Qc4 54. h4 g6 55. Qf6 Qe2 56. Kg3 Qc4 57. h5 Qc7+ 58. Qf4 Qc1 59. hxg6 Qg1+ 60. Kf3 Qh1+ 61. Ke2 fxg6 62. Qb8+ Kf7 63. Qc7+ Kf6 64. Qd8+ Ke6 65. Qe8+ Kf6 66. Qh8+ Kg5 67. Qe5+ Kxg4 68. Qf4+ Kh5 69. Qf3+ Qxf3+ 70. Kxf3 Kg5 71. e4 dxe4+ 72. Kxe4 Kf6 73. f4 Ke6 74. d5+ Kd6 75. f5 gxf5+ 76. Kxf5 Kxd5 77. Kg6 h5 78. Kg5 h4 79. Kxh4 Ke5 1/2-1/2

[Event "WchT Rapid"]
[Site "London"]
[Date "2025.06.12"]
[Round "5.4"]
[White "Skytte, Robert"]
[Black "Schulze, Lara"]
[Result "0-1"]
[WhiteElo "1846"]
[BlackElo "2211"]
[PlyCount "88"]
[EventDate "2025.06.11"]
[EventType "team-swiss"]
[EventRounds "12"]
[EventCountry "ENG"]
[SourceTitle "CB25_2025"]
[SourceDate "2025.06.18"]
[SourceVersion "1"]
[SourceVersionDate "2025.06.18"]
[SourceQuality "1"]
[WhiteTeam "Danish Futures"]
[BlackTeam "Berlin Chess Federation"]
[WhiteTeamCountry "DEN"]
[BlackTeamCountry "GER"]

1. e4 e5 2. Nf3 Nc6 3. Bc4 Nf6 4. Ng5 d5 5. exd5 Na5 6. Bb5+ Bd7 7. Bxd7+ Qxd7 8. Nc3 Nxd5 9. Qe2 0-0-0 10. 0-0 Nc6 11. Nxd5 Qxd5 12. Qg4+ Kb8 13. d3 h6 14. Nf3 h5 15. Qe4 Qd6 16. Re1 f6 17. Be3 g5 18. d4 g4 19. dxe5 Qb4 20. Qxb4 Bxb4 21. c3 gxf3 22. cxb4 Nxe5 23. Rad1 Nd3 24. Rf1 Rhg8 25. g3 Nxb2 26. Rd4 Nd3 27. Rd1 Rxd4 28. Bxd4 Nxb4 29. Bxf6 Nxa2 30. Rd3 b6 31. Rxf3 Rf8 32. Ra3 Rxf6 33. Rxa2 c5 34. h3 c4 35. f4 b5 36. Kf2 h4 37. Ke3 hxg3 38. Ke4 Rg6 39. Rg2 c3 40. f5 Rg8 41. Kf3 b4 42. Ke3 Kc7 43. Kd4 Kd6 44. h4 c2 0-1

[Event "GER-ch Blitz (Women)"]
[Site "Munich"]
[Date "2025.05.24"]
[Round "18"]
[White "Dolzhikova, Kateryna"]
[Black "Schulze, Lara"]
[Result "1-0"]
[WhiteElo "2331"]
[BlackElo "2340"]
[PlyCount "87"]
[EventDate "2025.05.24"]
[EventType "tourn (blitz)"]
[EventRounds "29"]
[EventCountry "GER"]
[SourceTitle "CB22_2025"]
[SourceDate "2025.05.28"]
[SourceVersion "1"]
[SourceVersionDate "2025.05.28"]
[SourceQuality "1"]

1. e4 e5 2. Nc3 Nf6 3. f4 d5 4. fxe5 Nxe4 5. Qf3 Nc6 6. Bb5 Nxc3 7. dxc3 Bd7 8. Qxd5 a6 9. Bxc6 Bxc6 10. Qxd8+ Rxd8 11. Nf3 Bc5 12. Bg5 Rd7 13. Rd1 Rxd1+ 14. Kxd1 0-0 15. Re1 Re8 16. Re2 h6 17. Bh4 g5 18. Bg3 Kg7 19. Ke1 Kg6 20. Nd4 Bd5 21. b3 h5 22. h4 gxh4 23. Bxh4 Bxd4 24. cxd4 b5 25. a3 c6 26. Kd2 a5 27. Rf2 a4 28. c4 bxc4 29. bxc4 Bxc4 30. Rf6+ Kg7 31. Rxc6 Bd5 32. Ra6 Bxg2 33. Rxa4 Rb8 34. Rb4 Ra8 35. Rb3 Kg6 36. Rg3+ Kf5 37. Rxg2 Rxa3 38. Rf2+ Ke4 39. Rxf7 Rd3+ 40. Ke2 Rxd4 41. e6 Kd5 42. e7 Re4+ 43. Kd3 Re6 44. Rf8 1-0

[Event "GER-ch Blitz (Women)"]
[Site "Munich"]
[Date "2025.05.24"]
[Round "6"]
[White "Koldunov, Elena"]
[Black "Schulze, Lara"]
[Result "0-1"]
[WhiteElo "1488"]
[BlackElo "2340"]
[PlyCount "20"]
[EventDate "2025.05.24"]
[EventType "tourn (blitz)"]
[EventRounds "29"]
[EventCountry "GER"]
[SourceTitle "CB22_2025"]
[SourceDate "2025.05.28"]
[SourceVersion "1"]
[SourceVersionDate "2025.05.28"]
[SourceQuality "1"]

1. e4 e5 2. Nf3 Nc6 3. d4 exd4 4. c3 d5 5. exd5 Qd7 6. d6 Qxd6 7. cxd4 Qd5 8. Nc3 Bb4 9. Be2 Bg4 10. 0-0 Nf6 0-1

[Event "GER-ch Blitz (Women)"]
[Site "Munich"]
[Date "2025.05.24"]
[Round "21"]
[White "Schulze, Lara"]
[Black "Doll, Rebecca"]
[Result "1-0"]
[WhiteElo "2340"]
[BlackElo "1944"]
[PlyCount "95"]
[EventDate "2025.05.24"]
[EventType "tourn (blitz)"]
[EventRounds "29"]
[EventCountry "GER"]
[SourceTitle "CB22_2025"]
[SourceDate "2025.05.28"]
[SourceVersion "1"]
[SourceVersionDate "2025.05.28"]
[SourceQuality "1"]

1. e4 e5 2. Nf3 Nc6 3. Bc4 Bc5 4. d3 Nf6 5. Nc3 h6 6. h3 d6 7. Na4 Bb6 8. a3 Ne7 9. b4 c6 10. Nxb6 axb6 11. Bb3 Ng6 12. 0-0 0-0 13. Re1 Re8 14. Bd2 d5 15. exd5 cxd5 16. Bc3 d4 17. Bd2 Qd6 18. a4 Bd7 19. b5 e4 20. dxe4 Nxe4 21. Rb1 Nxd2 22. Qxd2 Ne5 23. Nxe5 Rxe5 24. Rxe5 Qxe5 25. Rd1 Be6 26. Qxd4 Qxd4 27. Rxd4 Rc8 28. Rd6 Rc3 29. Bxe6 fxe6 30. Rxe6 Rxc2 31. Rxb6 Ra2 32. Rxb7 Rxa4 33. Kh2 Ra3 34. f3 Rb3 35. Kg3 Kh7 36. h4 Kg6 37. Kg4 Kf6 38. Rb6+ Kf7 39. h5 Rb4+ 40. f4 Ke7 41. Kf5 Kf7 42. Rb7+ Ke8 43. Rxg7 Rxb5+ 44. Kg6 Rb6+ 45. Kh7 Rf6 46. g3 Kf8 47. Rg6 Rf7+ 48. Kxh6 1-0

[Event "GER-ch Blitz (Women)"]
[Site "Munich"]
[Date "2025.05.24"]
[Round "19"]
[White "Schulze, Lara"]
[Black "Leshchenko, Sofia"]
[Result "1-0"]
[WhiteElo "2340"]
[BlackElo "2092"]
[PlyCount "51"]
[EventDate "2025.05.24"]
[EventType "tourn (blitz)"]
[EventRounds "29"]
[EventCountry "GER"]
[SourceTitle "CB22_2025"]
[SourceDate "2025.05.28"]
[SourceVersion "1"]
[SourceVersionDate "2025.05.28"]
[SourceQuality "1"]

1. e4 e6 2. d4 d5 3. Nc3 Nf6 4. Bg5 dxe4 5. Nxe4 Be7 6. Nxf6+ Bxf6 7. Bxf6 Qxf6 8. Nf3 0-0 9. Bd3 Nc6 10. Qe2 Nxd4 11. Nxd4 Qxd4 12. 0-0-0 Qa4 13. Kb1 c5 14. Qh5 f5 15. Rhe1 Qe8 16. Qh4 e5 17. Qc4+ Kh8 18. Qxc5 e4 19. f3 b6 20. Qd4 Bb7 21. fxe4 Rd8 22. Qe3 fxe4 23. Bc4 Rxd1+ 24. Rxd1 h6 25. a3 Bc6 26. Rd6 1-0

[Event "GER-ch Blitz (Women)"]
[Site "Munich"]
[Date "2025.05.24"]
[Round "13"]
[White "Schulze, Lara"]
[Black "Novikova, Margarita"]
[Result "1/2-1/2"]
[WhiteElo "2340"]
[BlackElo "1969"]
[PlyCount "175"]
[EventDate "2025.05.24"]
[EventType "tourn (blitz)"]
[EventRounds "29"]
[EventCountry "GER"]
[SourceTitle "CB22_2025"]
[SourceDate "2025.05.28"]
[SourceVersion "1"]
[SourceVersionDate "2025.05.28"]
[SourceQuality "1"]

1. e4 d5 2. exd5 Nf6 3. Bb5+ Bd7 4. Be2 Nxd5 5. d4 e6 6. Nf3 Be7 7. c4 Nf6 8. 0-0 0-0 9. Nc3 Bc6 10. Ne5 Nfd7 11. Nxc6 Nxc6 12. Bf3 Nb6 13. c5 Nd7 14. Be3 Nf6 15. Qa4 Qd7 16. Rfd1 Nd5 17. Nxd5 exd5 18. b4 a6 19. Qb3 Rad8 20. a4 Bf6 21. b5 Na5 22. Qd3 Nc4 23. Rab1 c6 24. bxa6 bxa6 25. Bf4 g6 26. Rb3 Rfe8 27. h3 Re7 28. Rdb1 Rde8 29. Kh2 Qf5 30. Qxf5 gxf5 31. Rd1 Re1 32. Rxe1 Rxe1 33. Bh6 Re8 34. Rd3 Rb8 35. Rd1 Rb2 36. Re1 Rb8 37. Be3 Re8 38. Kg3 Bxd4 39. Kf4 Bxe3+ 40. fxe3 Nb2 41. a5 Na4 42. Rc1 Rb8 43. Kxf5 Rb5 44. Kf6 Rxc5 45. Rb1 Rb5 46. Rc1 Nc5 47. Bh5 Nd7+ 48. Ke7 Ne5 49. Kf6 Nd7+ 50. Ke7 Nc5 51. Bxf7+ Kg7 52. Bh5 Rxa5 53. Kd6 Nb3 54. Rf1 Rc5 55. Rb1 Rc3 56. Rf1 a5 57. Rf7+ Kh6 58. Bg4 Kg6 59. Ra7 h5 60. Be6 Rxe3 61. g4 hxg4 62. hxg4 Rc3 63. Bf5+ Kg5 64. Rg7+ Kf4 65. Bd7 Nd4 66. Rf7+ Kg3 67. g5 Kh4 68. g6 Rg3 69. Rh7+ Kg5 70. g7 Kf6 71. Rh4 Nb5+ 72. Kxc6 Na7+ 73. Kxd5 Rxg7 74. Ba4 Rg5+ 75. Kd6 Nc8+ 76. Kc7 Ne7 77. Rf4+ Ke5 78. Rf1 Nd5+ 79. Kc6 Ne3 80. Re1 Kd4 81. Kb6 Re5 82. Rh1 Nc4+ 83. Ka6 Re6+ 84. Kb5 Re5+ 85. Ka6 Re6+ 86. Kb5 Re5+ 87. Ka6 Nb2 88. Bb5 1/2-1/2

[Event "GER-ch Blitz (Women)"]
[Site "Munich"]
[Date "2025.05.24"]
[Round "23"]
[White "Schulze, Lara"]
[Black "Stangl, Anita"]
[Result "1-0"]
[WhiteElo "2340"]
[BlackElo "1995"]
[PlyCount "136"]
[EventDate "2025.05.24"]
[EventType "tourn (blitz)"]
[EventRounds "29"]
[EventCountry "GER"]
[SourceTitle "CB22_2025"]
[SourceDate "2025.05.28"]
[SourceVersion "1"]
[SourceVersionDate "2025.05.28"]
[SourceQuality "1"]

1. e4 e6 2. d4 d5 3. e5 c5 4. c3 Nc6 5. Nf3 Qb6 6. Bd3 Bd7 7. 0-0 cxd4 8. Re1 dxc3 9. Nxc3 Bc5 10. Na4 Qa5 11. Nxc5 Qxc5 12. Bd2 Nge7 13. Rc1 Qb6 14. b3 Ng6 15. h4 h6 16. h5 Nge7 17. Be3 Qa5 18. Qe2 Qd8 19. Bc5 0-0 20. Bb1 f5 21. exf6 Rxf6 22. Ba3 Nf5 23. Bb2 d4 24. Bxf5 Rxf5 25. Nxd4 Nxd4 26. Bxd4 Qg5 27. Rc7 Rd8 28. Rxb7 Rd5 29. Be5 a6 30. Rb4 Rd2 31. Qe3 Bc6 32. Qxg5 hxg5 33. a4 Kh7 34. Rb6 Bd5 35. Rxa6 Bxb3 36. Ra7 Rg8 37. a5 Kh6 38. a6 Ra2 39. Rb7 Bc4 40. a7 Bd5 41. Rc7 Ra8 42. Bd4 g4 43. Bxg7+ Kxh5 44. Bd4 g3 45. Rh7+ Kg6 46. Rg7+ Kf5 47. Rxg3 Ra4 48. Be3 e5 49. Rg5+ Ke6 50. Rg6+ Kf5 51. Rg7 e4 52. g4+ Kf6 53. Rh7 Rg8 54. g5+ Kf5 55. Rd7 Ra5 56. Rd1 Be6 57. Rc7 Kg4 58. Rd4 Bf5 59. Rd1 Kf3 60. Rf7 Rh8 61. g6 Rg8 62. g7 Ke2 63. Rb1 Be6 64. Re7 Ra6 65. Kg2 Bg4 66. Kg3 Bf3 67. Kf4 Rf6+ 68. Ke5 Rh6 1-0

[Event "German Masters (Women)"]
[Site "Munich"]
[Date "2025.05.23"]
[Round "9"]
[White "Schulze, Lara"]
[Black "Kostak, Tatiana"]
[Result "1-0"]
[WhiteElo "2340"]
[BlackElo "2092"]
[PlyCount "101"]
[EventDate "2025.05.15"]
[EventType "tourn"]
[EventRounds "9"]
[EventCountry "GER"]
[SourceTitle "CB22_2025"]
[SourceDate "2025.05.28"]
[SourceVersion "1"]
[SourceVersionDate "2025.05.28"]
[SourceQuality "1"]

1. e4 Nc6 2. Nf3 d6 3. d4 Nf6 4. Nc3 g6 5. Be3 Bg4 6. d5 Nb8 7. Qd2 Nbd7 8. Nd4 Nc5 9. f3 Bd7 10. g4 e5 11. Nde2 a5 12. h4 Be7 13. Ng3 h5 14. g5 Nh7 15. 0-0-0 f6 16. gxf6 Bxf6 17. Qg2 Nf8 18. Nge2 b5 19. Bxc5 dxc5 20. d6 c6 21. f4 Bg4 22. Qf2 Nd7 23. Bh3 Bxh4 24. Qg2 Qf6 25. Bxg4 hxg4 26. Qxg4 0-0-0 27. Kb1 Kb7 28. Rdf1 g5 29. fxg5 Qxg5 30. Qe6 Rhe8 31. Qh3 Rh8 32. Rf7 Kc8 33. a4 Qg6 34. Rff1 b4 35. Qd3 Nb8 36. Nd1 Qxd6 37. Qh3+ Kb7 38. Ne3 Bf2 39. Nc4 Qd1+ 40. Rxd1 Rxd1+ 41. Rxd1 Rxh3 42. Rf1 Rh2 43. Nc1 Nd7 44. Nd3 Bd4 45. Rf7 Kc8 46. Nxa5 Nb6 47. Nxc6 c4 48. Ndxb4 Nxa4 49. Nd5 Rh1+ 50. Ka2 Bxb2 51. Rc7# 1-0

[Event "German Masters (Women)"]
[Site "Munich"]
[Date "2025.05.15"]
[Round "1"]
[White "Heinemann, Josefine"]
[Black "Schulze, Lara"]
[Result "1/2-1/2"]
[WhiteElo "2321"]
[BlackElo "2340"]
[PlyCount "74"]
[EventDate "2025.05.15"]
[EventType "tourn"]
[EventRounds "9"]
[EventCountry "GER"]
[SourceTitle "CB22_2025"]
[SourceDate "2025.05.28"]
[SourceVersion "1"]
[SourceVersionDate "2025.05.28"]
[SourceQuality "1"]

1. c4 e5 2. Nc3 Nf6 3. Nf3 Nc6 4. g3 Bb4 5. Bg2 Bxc3 6. bxc3 0-0 7. 0-0 Re8 8. Ne1 e4 9. f3 d5 10. cxd5 Qxd5 11. fxe4 Nxe4 12. e3 Qd6 13. Qc2 Ng5 14. Nf3 Nxf3+ 15. Rxf3 Ne5 16. Rf4 Qd3 17. Qxd3 Nxd3 18. Rd4 Bf5 19. Bxb7 Rad8 20. Bc6 Rxd4 21. cxd4 Rb8 22. Ba3 Rb6 23. Bd5 Be6 24. Bxe6 fxe6 25. Kf1 Ra6 26. Bc5 e5 27. Ke2 e4 28. Rf1 Nxc5 29. dxc5 Rxa2 30. Rf4 Ra4 31. Kd1 Ra5 32. Rxe4 Rxc5 33. Re8+ Kf7 34. Ra8 Ra5 35. Rc8 Rc5 36. Ra8 Ra5 37. Rc8 Rc5 1/2-1/2

[Event "London Menchik Memorial (Women) 10th"]
[Site "London"]
[Date "2025.03.21"]
[Round "3"]
[White "Hunt, Harriet"]
[Black "Schulze, Lara"]
[Result "1-0"]
[WhiteElo "2296"]
[BlackElo "2313"]
[PlyCount "89"]
[EventDate "2025.03.20"]
[EventType "tourn"]
[EventRounds "9"]
[EventCountry "ENG"]
[SourceTitle "CB13_2025"]
[SourceDate "2025.03.26"]
[SourceVersion "1"]
[SourceVersionDate "2025.03.26"]
[SourceQuality "1"]

1. e4 c5 2. Nc3 Nc6 3. Bb5 Nd4 4. Nf3 a6 5. Bd3 g6 6. b4 d6 7. Rb1 Nf6 8. 0-0 Bg7 9. h3 0-0 10. Re1 cxb4 11. Rxb4 Nc6 12. Rb1 d5 13. Ba3 dxe4 14. Nxe4 Nxe4 15. Bxe4 Re8 16. c3 Qc7 17. Bc5 Rb8 18. Bb6 Qf4 19. Qa4 Qd6 20. d4 Bd7 21. Qb3 Qf4 22. Bd5 e6 23. Be4 Rbc8 24. Bc5 b5 25. Qa3 Qc7 26. Bd6 Qa5 27. Qb2 Qb6 28. Bc5 Qc7 29. Nd2 e5 30. d5 Na5 31. Bb4 Nc4 32. Nxc4 Qxc4 33. Rbd1 Qc7 34. d6 Qb6 35. Qa3 Bf8 36. Bd5 Kg7 37. Re3 f6 38. Qb3 a5 39. Ba3 a4 40. Qb4 Rb8 41. Rf3 Red8 42. Qh4 Bf5 43. Rxf5 Bxd6 44. Qxf6+ Kh6 45. Bc1+ 1-0

[Event "BL 2425 (Women)"]
[Site "Germany"]
[Date "2025.03.16"]
[Round "8.2"]
[White "Khotenashvili, Bella"]
[Black "Schulze, Lara"]
[Result "1/2-1/2"]
[WhiteElo "2418"]
[BlackElo "2313"]
[PlyCount "100"]
[EventDate "2024.11.16"]
[EventType "team-tourn"]
[EventRounds "11"]
[EventCountry "GER"]
[SourceTitle "CB14_2025"]
[SourceDate "2024.11.01"]
[SourceVersion "1"]
[SourceVersionDate "2024.11.01"]
[SourceQuality "1"]
[WhiteTeam "Schwaebisch Hall (W)"]
[BlackTeam "Harksheide (W)"]
[WhiteTeamCountry "GER"]
[BlackTeamCountry "GER"]

1. Nf3 Nf6 2. g3 b5 3. a4 b4 4. Bg2 Bb7 5. d3 e6 6. 0-0 Be7 7. Nbd2 d6 8. a5 c5 9. c3 bxc3 10. bxc3 0-0 11. Nc4 Qc8 12. Rb1 Nc6 13. Qa4 Rb8 14. Bf4 Rd8 15. e4 e5 16. Bg5 Ne8 17. a6 Ba8 18. Rxb8 Qxb8 19. Qa2 h6 20. Bxe7 Nxe7 21. Bh3 Qc7 22. Rb1 Rb8 23. Rxb8 Qxb8 24. Bd7 Kf8 25. Nfd2 Nf6 26. Bh3 Nc6 27. Ne3 g6 28. Nd5 Ne8 29. Nc4 Ne7 30. Nde3 Bc6 31. Na5 Qb6 32. Nac4 Qb5 33. Bf1 Qa4 34. Qb2 Qb5 35. Qa2 Qa4 36. Qd2 Qxa6 37. d4 cxd4 38. cxd4 Bxe4 39. Nxe5 Qa4 40. N5c4 h5 41. Qb2 Qd7 42. Qa3 Kg7 43. h4 Kg8 44. Qa5 Nc6 45. Qc3 Ne7 46. Qa5 Nf6 47. Qa3 Nc8 48. Qa5 Ne7 49. Qa3 Nc6 50. Qc3 Ne7 1/2-1/2

[Event "Berlin Federation IM"]
[Site "Berlin"]
[Date "2025.03.02"]
[Round "9"]
[White "Schulze, Lara"]
[Black "Moritz, Aron"]
[Result "1/2-1/2"]
[WhiteElo "2266"]
[BlackElo "2276"]
[PlyCount "90"]
[EventDate "2025.02.24"]
[EventType "tourn"]
[EventRounds "9"]
[EventCountry "GER"]
[EventCategory "3"]
[SourceTitle "CB10_2025"]
[SourceDate "2025.03.05"]
[SourceVersion "1"]
[SourceVersionDate "2025.03.05"]
[SourceQuality "1"]

1. e4 d6 2. d4 Nf6 3. Nc3 e5 4. Nge2 c6 5. a4 Be7 6. g3 Nbd7 7. Bg2 b6 8. 0-0 a6 9. h3 h5 10. Be3 Bb7 11. Qd2 0-0 12. f4 b5 13. b4 Nb6 14. Qd3 Nc4 15. Bf2 Qd7 16. Nd1 Rfe8 17. c3 Bf8 18. Be1 Qe7 19. Nf2 Nb2 20. Qf3 Nxa4 21. g4 hxg4 22. hxg4 exf4 23. Qxf4 Nh7 24. Nd3 g6 25. Ng3 Bg7 26. e5 Rad8 27. Ra2 Rd7 28. Re2 Qg5 29. exd6 Rxe2 30. Nxe2 Qxf4 31. Rxf4 Rxd6 32. Re4 Nf6 33. Re3 Kf8 34. Bg3 Rd8 35. Ne5 Rc8 36. Rf3 Kg8 37. Bh4 Nd5 38. Rxf7 Bxe5 39. Rxb7 Bg7 40. Be1 Re8 41. Bxd5+ cxd5 42. Kf1 Rf8+ 43. Kg2 Re8 44. Kf1 Rf8+ 45. Kg2 Re8 1/2-1/2

[Event "Berlin Federation IM"]
[Site "Berlin"]
[Date "2025.03.01"]
[Round "8"]
[White "Muse, Drazen"]
[Black "Schulze, Lara"]
[Result "1-0"]
[WhiteElo "2309"]
[BlackElo "2266"]
[PlyCount "85"]
[EventDate "2025.02.24"]
[EventType "tourn"]
[EventRounds "9"]
[EventCountry "GER"]
[EventCategory "3"]
[SourceTitle "CB10_2025"]
[SourceDate "2025.03.05"]
[SourceVersion "1"]
[SourceVersionDate "2025.03.05"]
[SourceQuality "1"]

1. c4 e5 2. d3 Nf6 3. Nf3 Nc6 4. g3 e4 5. dxe4 Nxe4 6. Nbd2 Nxd2 7. Bxd2 Be7 8. Bc3 Bf6 9. Rc1 0-0 10. Bg2 d6 11. 0-0 Re8 12. Re1 a5 13. Nd4 Nxd4 14. Bxd4 a4 15. e3 Ra5 16. Rc3 Be5 17. c5 Bxd4 18. exd4 Rxe1+ 19. Qxe1 Rb5 20. Bd5 Bd7 21. Rf3 Be8 22. Bc4 Rxb2 23. Qc1 Rb4 24. a3 Rxc4 25. Qxc4 dxc5 26. Qxc5 Bc6 27. Re3 g6 28. Re7 b6 29. Qe5 Kf8 30. Qf6 Qd5 31. f3 Qc4 32. Re3 Kg8 33. Qd8+ Kg7 34. Qxc7 Qc1+ 35. Kf2 Qd2+ 36. Re2 Qxd4+ 37. Kg2 Qd3 38. Qe5+ Kg8 39. Qe3 Qd5 40. Rd2 Qb5 41. Qc3 Bd5 42. Qf6 Qd7 43. Qd4 1-0

[Event "Berlin Federation IM"]
[Site "Berlin"]
[Date "2025.03.01"]
[Round "7"]
[White "Schulze, Lara"]
[Black "Florstedt, Johannes"]
[Result "1/2-1/2"]
[WhiteElo "2266"]
[BlackElo "2349"]
[PlyCount "149"]
[EventDate "2025.02.24"]
[EventType "tourn"]
[EventRounds "9"]
[EventCountry "GER"]
[EventCategory "3"]
[SourceTitle "CB10_2025"]
[SourceDate "2025.03.05"]
[SourceVersion "1"]
[SourceVersionDate "2025.03.05"]
[SourceQuality "1"]

1. e4 c5 2. Nf3 d6 3. Bb5+ Nd7 4. a4 Ngf6 5. Nc3 e6 6. d4 cxd4 7. Qxd4 Be7 8. 0-0 a6 9. Be2 0-0 10. Rd1 Qc7 11. Qc4 Qxc4 12. Bxc4 b6 13. Bf4 e5 14. Be3 Bb7 15. Nd2 Rfc8 16. f3 Rc7 17. b3 h6 18. Nf1 Rac8 19. Bf2 Rxc4 20. bxc4 Rxc4 21. Rd3 Nc5 22. Bxc5 Rxc5 23. Ne3 g6 24. Rb1 Nd7 25. Ncd5 Bd8 26. Rc3 f5 27. Rxc5 Nxc5 28. Nxb6 fxe4 29. Nd7 Bg5 30. Kf2 Nxd7 31. Rxb7 Nc5 32. Rb8+ Kf7 33. a5 Ke6 34. fxe4 Nxe4+ 35. Ke2 Nc5 36. Nc4 Kd5 37. Nb2 e4 38. Rg8 Nb7 39. Rxg6 Nxa5 40. g3 Bc1 41. Na4 Nc4 42. h4 Ke5 43. Rg8 Ne3 44. Nc3 Nf5 45. Kd1 Bb2 46. Re8+ Kd4 47. Ne2+ Ke3 48. Rf8 Nd4 49. Nf4 Nb5 50. Nd5+ Kd4 51. Ne7 Nc3+ 52. Ke1 Bc1 53. Rc8 d5 54. Nf5+ Ke5 55. Rxc3 Kxf5 56. Kd1 Bb2 57. Rc6 h5 58. Rxa6 Kg4 59. Ke2 Kxg3 60. Ra5 Kxh4 61. Rxd5 Kg4 62. c4 h4 63. c5 Bc1 64. c6 Bf4 65. Rd7 h3 66. Rg7+ Kh4 67. c7 Bxc7 68. Rxc7 h2 69. Kf2 h1N+ 70. Ke3 Ng3 71. Kf4 Nh5+ 72. Kxe4 Ng3+ 73. Kf4 Nh5+ 74. Kf5 Ng3+ 75. Kf4 1/2-1/2